00519 a2200193 4500001000700000020001800007020001800025020001800043041000800061100001700069250001200086300001000098490004000108830004000148856002400188040002500212245003500237260005300272106079 a9780329528584 a9781423102953 a9781428740044 apor aWillems, Mo. a1st ed. a57 p. aWillems, Mo. Elephant & Piggie book aWillems, Mo. Elephant & Piggie book u00000c/00000cd4.jpg aBR-BrIDEAcBR-BrIDEA10aToday I will fly!c Mo Willems aUnited StatesbHyperion Books for Childrenc2007